Elementary Mathematical modeling / (Record no. 8380)

MARC details
000 -LEADER
fixed length control field 00633nam a22002297a 4500
003 - CONTROL NUMBER IDENTIFIER
control field OSt
005 - DATE AND TIME OF LATEST TRANSACTION
control field 20240611124601.0
008 - FIXED-LENGTH DATA ELEMENTS--GENERAL INFORMATION
fixed length control field 240611b |||||||| |||| 00| 0 eng d
020 ## - INTERNATIONAL STANDARD BOOK NUMBER
International Standard Book Number 9780136154167
040 ## - CATALOGING SOURCE
Transcribing agency MUST
082 ## - DEWEY DECIMAL CLASSIFICATION NUMBER
Classification number 511.8 DAV 2007
100 ## - MAIN ENTRY--PERSONAL NAME
Personal name Edwards C. Henry
9 (RLIN) 763
245 ## - TITLE STATEMENT
Title Elementary Mathematical modeling /
Remainder of title Fubctions and Graphs
Statement of responsibility, etc. C. henry Edwards
250 ## - EDITION STATEMENT
Edition statement 2nd.
260 ## - PUBLICATION, DISTRIBUTION, ETC. (IMPRINT)
Place of publication, distribution, etc. New Jersey:
Name of publisher, distributor, etc. Peason;
Date of publication, distribution, etc. c2009.
300 ## - PHYSICAL DESCRIPTION
Extent xii,
Other physical details 395p;ill:
Dimensions 25cm
504 ## - BIBLIOGRAPHY, ETC. NOTE
Bibliography, etc Includes Index
650 ## - SUBJECT ADDED ENTRY--TOPICAL TERM
Source of heading or term mathematical modeling
650 ## - SUBJECT ADDED ENTRY--TOPICAL TERM
Source of heading or term functions and graphs
700 ## - ADDED ENTRY--PERSONAL NAME
Relator code Mary Ellen Davis
942 ## - ADDED ENTRY ELEMENTS (KOHA)
Source of classification or shelving scheme Other/Generic Classification Scheme
Koha item type Open Shelf
Holdings
Withdrawn status Lost status Source of classification or shelving scheme Damaged status Not for loan Home library Current library Date acquired Source of acquisition Inventory number Total Checkouts Full call number Barcode Date last seen Price effective from Koha item type
    Dewey Decimal Classification     MUST Main Library MUST Main Library 11/06/2024 Donation 10/32121   511.8 DAV 2007 2024-20278 11/06/2024 11/06/2024 Open Shelf